1661 1418 1367 1954 1177 1784 1936 1271 1955 1869 1822 1033 1313 1834 1679 1679 1320 1120 1619 1648 1694 1622 1027 1953 1384 1400 1371 1105 1934 1247 1874 1952 1022 1882 1146 1439 1963 1469 1955 1973 1243 1543 1808 1298 1588 1352 1472 1656 1376 1136 1068 1362 1637 1021 1254 1929 1368 1111 1121 1916 1955 1170 1572 1922 1365 1471 1634 1464 1665 1862 1479 1416 1262 1022 1938 1092 1205 1319 1090 1726 1299 1889 1030 1203 1838 1615 1856 1164 1559 1502 1124 1389 1857 1107 1950 1403 1030 1181 1644 BCNSPRNW ULIB Ver.6.0+V

เปลี่ยนเป็นภาษาไทย

Change to English
 แสดงรายละเอียดบรรณานุกรม
  กลับหน้าหลัก

Brief Record : Get Marc (ISO 2709) : E-mail record : QR code < ปิดหน้าต่าง
LEADER : 00000nam 2200000uu 4500
001    13399121824
003     ULIB
008    121211s2548||||th 000 0 tha d
020    ^a9749288084
060 04 ^aWQ100^bอ893พ
245 00 ^aเพศศาสตร์ในสูติศาสตร์และนรีเวชวิทยา :^bHuman sexuality in obstetrics and gynaecology /^cเอนก อารีพรรค, บรรณาธิการ
246 31 ^aHuman sexuality in obstetrics and gynaecology
250    ^aพิมพ์ครั้งที่ 1
260    ^aกรุงเทพฯ :^bราชวิทยาลัยสูตินรีแพทย์แห่งประเทศไทย,^c2548
300    ^a[10], 292 หน้า :^bภาพประกอบ ;^c30 ซม.
504    ^aบรรณานุกรมและดัชนี
650  7 ^aนรีเวชวิทยา
650  7 ^aเพศศึกษา
650  7 ^aสูติศาสตร์
650  7 ^aอวัยวะสืบพันธุ์^xโรค
700 0  ^aเอนก อารีพรรค,^eบรรณาธิการ
700 2  ^aราชวิทยาลัยสูตินรีแพทย์แห่งประเทศไทย
945    ^p300^l0^i24054
945    ^p300^l0^i24634
995    ^aทศพร
999    ^aทศพร เกษรทอง
รายการนี้ยังไม่มีแท็ก
คุณยังไม่ได้ล็อกอิน คุณสามารถมีกิจกรรมร่วมกับเว็บไซต์ได้ แต่ต้องล็อกอินก่อน ::
  ล็อกอิน

รายการสื่อสารสนเทศ

ลำดับที่ ประเภท เลขเรียก/บาร์โค้ด สถานที่ สถานะ
1. วิทยาศาสตร์การแพทย์ และสุขภาพ
วิทยาศาสตร์การแพทย์ และสุขภาพ
WQ100 อ893พ  
  Barcode: 24634
ห้องสมุดวิทยาเขตสวรรค์ประชารักษ์
►หนังสือทั่วไป
บนชั้น
2. วิทยาศาสตร์การแพทย์ และสุขภาพ
วิทยาศาสตร์การแพทย์ และสุขภาพ
WQ100 อ893พ ฉ.1 
  Barcode: 24054
ห้องสมุดวิทยาเขตสวรรค์ประชารักษ์
►หนังสือทั่วไป
บนชั้น

รายการใกล้เคียง
    หัวเรื่อง [นรีเวชวิทยา]
    หัวเรื่อง [เพศศึกษา]
    หัวเรื่อง [สูติศาสตร์]

BibComment


ยังไม่เคยถูกคอมเมนท์

คอมเมนท์ทรัพยากรรายการนี้
  คอมเมนท์: เพศศาสตร์ในสูติศ..


 Copyright 2026. Bcnsprnw @Library